000 03201nam0a2200421 4500
001 RU\NLR\BIBL_A\012501233
005 20210429151401.0
010 _a978-5-6044742-4-2
_9300
021 _aRU
_bКН-П-20-079323
_9КН-П-20-6013
035 _a(NLR Aleph) 012501233
035 _a(RuMoRGB)010508575
090 _a12230413
_c12230413
100 _a20210412d2020 u y0rusy50 ca
101 0 _arus
102 _aRU
105 _aa|||zzzz000zy
181 0 _ai3
_baxxe
182 0 _an
200 1 _aАлгоритм доабортного психологического консультирования
_eметодические рекомендации
_fХалфина Р. Р., доктор биологических наук, доцент, Хох И. Р., кандидат психологических наук, Тимербулатов И. Ф., доктор медицинских наук, доцент [и др.]
_gМинистерство науки и высшего образования Российской Федерации, Федеральное государственное бюджетное образовательное учреждение высшего образования "Башкирский государственный университет", Факультет психологии, Кафедра психологического сопровождения и клинической психологии, Министерство здравоохранения Российской Федерации, Федеральное государственное бюджетное образовательное учреждение высшего образования "Башкирский государственный медицинский университет" Министерства здравоохранения Российской Федерации, Кафедра психотерапии с курсом ИДПО
203 _aТекст
_bвизуальный
_cнепосредственный
210 _aУфа
_cНПЦ "ПСН"
_aСанкт-Петербург
_cФарм-индекс
_d2020
215 _a21 с.
_cил.
_d20
300 _aАвт. указаны на обороте тит. с.
320 _aБиблиогр.: с. 20 (1 назв.)
606 1 _aБеременные
_xПсихологическая служба
_jМетодические пособия
_2nlr_sh2
_3RU\NLR\AUTH\6601624396
686 1 _aЮ949.2я7
686 1 _aЮ937.31я7
686 1 _aЮ937-214я7
701 1 _aХалфина
_bР. Р.
_gРегина Робертовна
701 1 _aХох
_bИ. Р.
_gИрина Рудольфовна
701 1 _aТимербулатов
_bИ. Ф.
_gИльгиз Фаритович
712 0 2 _aБашкирский государственный университет
_cУфа
_bКафедра психологического сопровождения и клинической психологии
_3RU\NLR\AUTH\880540967
_4570
942 _cBOOK
980 _aNBR
980 _aNB